| 000 | 00381nam a22001697a 4500 | ||
|---|---|---|---|
| 999 |
_c532550 _d532550 |
||
| 003 | NUST | ||
| 005 | 20191125123011.0 | ||
| 008 | 191125b ||||| |||| 00| 0 eng d | ||
| 038 | _aMSOHAIL | ||
| 082 | _a0 | ||
| 100 |
_a Dr. B.C.Punmia _926130 |
||
| 245 | _aBUILDING CONSTRUCTION | ||
| 250 | _a10th | ||
| 260 |
_aBanglore _bLaxmi _cc2008 |
||
| 300 | _ap;666 | ||
| 942 |
_2ddc _cBK |
||